Odraz postavení sektoru služeb v zemích EU v odvětvích náročných na znalosti v české ekonomice
Postavenie skupín odvetví náročných na vedomosti v špecializačných profiloch ekonomík. Postavenie služieb náročných na vedomosti v špecializačných profiloch ekonomík.
Uložené v:
| Hlavný autor: | |
|---|---|
| Médium: | Kapitola |
| Jazyk: | Czech |
| Predmet: | |
| Tagy: |
Žiadne tagy, Buďte prvý, kto otaguje tento záznam!
|
MARC
| LEADER | 00000naa a2200000 4500 | ||
|---|---|---|---|
| 001 | 0191156 | ||
| 005 | 20220713131213.6 | ||
| 041 | 0 | |a cze | |
| 044 | |a CZ | ||
| 245 | 1 | 0 | |a Odraz postavení sektoru služeb v zemích EU v odvětvích náročných na znalosti v české ekonomice |c Karel Zeman |
| 520 | |a Postavenie skupín odvetví náročných na vedomosti v špecializačných profiloch ekonomík. Postavenie služieb náročných na vedomosti v špecializačných profiloch ekonomík. | ||
| 610 | 2 | 0 | |a sektor terciárny |
| 610 | 2 | 0 | |a služby |
| 610 | 2 | 0 | |a Európska únia |
| 610 | 2 | 0 | |a špecializácia |
| 610 | 2 | 0 | |a technológie znalostné |
| 610 | 2 | 0 | |a hodnota pridaná |
| 100 | 1 | |a Zeman, Karel | |